Hospodářské dějiny 9 historické předpoklady zemědělsko-průmyslového komplexu v Československu
Enregistré dans:
| Format: | Livre |
|---|---|
| Langue: | tchèque |
| Publié: |
Praha
Ústav československých a světových dějin ČSAV
1982
|
| Tags: |
Pas de tags, Soyez le premier à ajouter un tag!
|
MARC
| LEADER | 00000nam a2200000 4500 | ||
|---|---|---|---|
| 001 | c137607 | ||
| 005 | 20200722082837.7 | ||
| 041 | 0 | |a cze | |
| 044 | |a CZ | ||
| 245 | 1 | 0 | |a Hospodářské dějiny 9 |b historické předpoklady zemědělsko-průmyslového komplexu v Československu |
| 264 | 1 | |a Praha |b Ústav československých a světových dějin ČSAV |c 1982 | |
| 300 | |a 416 s. | ||